Word Ladder: I Don't Know Why! Quiz Stats

 Plays Quiz Updated Aug 21, 2014

Support Sporcle.
Go Orange.
Score 0/30 Timer 04:00
0 Plays Today
Hint 5-Letter Word % Correct
_____ Parton who sang '9 to 5'DOLLY
88.6%
Warty amphibiansTOADS
81.1%
Lacy matDOILY
76.8%
Waste timeDALLY
66.2%
IncitesGOADS
65.5%
Rumor or slanderNOISE
64.4%
_____ Riot, covered [rung 30] in 1983QUIET
62.1%
Big name in fitnessBALLY
52.5%
Nickname for a wig wearerBALDY
52.4%
LoudNOISY
52%
Forest clearingGLADE
51.7%
Garden ToolSPADE
51.3%
Tall flowers, for shortGLADS
50.4%
A suck-upTOADY
48.7%
VillainBADDY
46.7%
Hint 5-Letter Word % Correct
Fuzzy, as woolNOILY
46.2%
70s glam rock band, wrote [rung 30]SLADE
45.5%
Ed, Edd _ ____, Cartoon Network programN' EDDY
44.9%
Cum On, Feel the _____, song by [rung 9]NOIZE
43.1%
MaliceSPITE
39.9%
Hotel offeringSUITE
39.4%
Some like it hotTODDY
38.5%
Sudden outpouringSPATE
38.5%
VeryQUITE
37.7%
LightheadedGIDDY
36.9%
_____ Lee, Rush bassist and lead singerGEDDY
35.8%
HenBIDDY
35%
_____ Holder, lead singer of [rung 9]NODDY
28.8%
Paper quantityQUIRE
22.3%
Riding whipQUIRT
21.8%

Today's Daily Dose

You're not logged in!

Compare scores with friends on all Sporcle quizzes.
OR
Log In

From the Vault

Easter Facts

by Derek

Happy Easter!
Remove Ads.
Support Sporcle.
Get the best of Sporcle when you Go Orange. This ad-free experience offers more features, more stats, and more fun while also helping to support Sporcle. Thank you for becoming a member.

Show Comments

Extras

Top Quizzes Today


Score Distribution

Your Account Isn't Verified!

In order to create a playlist on Sporcle, you need to verify the email address you used during registration. Go to your Sporcle Settings to finish the process.

Report this User

Report this user for behavior that violates our Community Guidelines.

Details: